| 000 | 02446 a2200241 4500 | ||
|---|---|---|---|
| 001 | 45957 | ||
| 005 | 20260407155732.0 | ||
| 008 | 260407a2007 arg spa d | ||
| 003 | AR-UNSa-BCEJYS | ||
| 040 |
_aAR-UNSa-BCEJYS _bspa _cAR-UNSa-BCEJYS |
||
| 080 |
_a330.34 _xDesarrollo Económico |
||
| 245 | 1 | 0 | _aVisiones del desarrollo en América Latina |
| 020 | _a978-84-87072-82-6 | ||
| 264 | 1 |
_aSantiago de Chile : _bCEPAL (Comisión Económica para América Latina y el Caribe) _c2007 |
|
| 300 |
_a556 p. _c23 cm. |
||
| 505 | _a1. Crecimiento lento en América Latina: ¿resultados comunes, causas comunes? / Ricardo Hausmann y Andrés Velasco – 2. Instituciones democráticas, procesos de formulación de políticas y calidad de las políticas en América Latina / Ernesto Stein y Mariano Tommasi – 3. Instituciones políticas y desarrollo económico en las Américas: el largo plazo / Adam Przeworski y Carolina Curvale – 4. Reducción de la pobreza y la desigualdad en América Latina y el Caribe: promesas y retos para las políticas públicas / Jaime Saavedra y Omar S. Arias – 5. América Latina: la desigualdad y su disfuncionalidad / Nora Lustig – 6. Lareforma de las instituciones fiscales en América Latina / Eduardo Lora y Mauricio Cárdenas – 7. Estrategias reformistas: experiencias y lecciones / Eliana Cardoso – 8. Disciplina y comportamiento cíclico de las políticas macroeconómicas / Mario I Blejer – 9. ¿Un nuevo paradigma de disciplina macroeconómica en América Latina? / Martín P. Redrado – 10. Inserción internacional y políticas de desarrollo productivo / José Luis Machinea y Cecilia Vera – 11. El sector financiero en América Latina: ha llegado la hora de consolidar el marco institucional / Agustín G. Carstens y Moisés J. Schwarz – 12. El desarrollo económico en América Latina: grandes problemas emergentes, respuestas políticas limitadas / Augusto de la Torre, Juan Carlos Gozzi y Sergio L. Schmukler – 13. Políticas cambiarias en América Latina: modas, tendencias y decepciones / Sebastián Edwards – 14. Regímenes cambiarios en el período 2000-2005: una perspectiva latinoamericana / Eduardo Levy Yeyati - | ||
| 041 | _aspa | ||
| 942 | _cBK | ||
| 590 | _aniveau_biblio:m niveau_hierar:0 | ||
| 100 | 1 | _aSerra, Narcís | |
| 700 | 1 | _aMachinea, José Luis | |
| 856 | 4 | 1 |
_uhttps://www.biblioeco.unsa.edu.ar/pmb/images/libros/L127246.jpg _yImagen de portada _qimage/jpeg |
| 999 |
_c4086 _d4086 |
||